Biggest Cities in Norway - Statistics

General Stats
  • This quiz has been taken 8,087 times
    8,084 since last reset
  • The average score is 6 of 10
Answer Stats
Population City % Correct
830,380 Oslo
100%
215,761 Bergen
96%
149,762 Trondheim
87%
176,000 Stavanger
78%
53,227 Tromsø
75%
64,692 Kristiansand
63%
92,165 Drammen
50%
98,117 Fredrikstad
42%
85,678 Porsgrunn
29%
45,468 Tønsberg
23%
No matching quizzes found
Score Distribution
Percent of People with Each Score
Percentile by Number Answered
Your Score History
You have not taken this quiz since the last reset